000 00259nam a22001217a 4500
008 170126b xxu||||| |||| 00| 0 eng d
041 _aeng
080 _22ND
_a61
100 _a3
101 _aMED
245 _aMEDICINE CLERKSHIP
_cSTEAD, L.G
942 _2udc
_cBK
999 _c3790
_d3790